000 00230 a2200097 4500
001 41522
100 _aMulana Mufti Muhammad Shaffi
245 _aMuarif-e-Al-Quran
260 _aKarachi
_bIdara Al-Muarif
_c
090 _c25674
_d25674
942 _aNUST-CAE
_cM
_c17418
999 _c276595
_d276595